Thực hiện tốt chính sách dân tộc ở vùng đồng bào Chăm là cơ sở để Bình Thuận phát triển bền vững
Na minha lista:
| Autor principal: | |
|---|---|
| Formato: | Livro |
| Idioma: | Undetermined |
| Assuntos: | |
| Acesso em linha: | http://lrc.tdmu.edu.vn/opac/search/detail.asp?aID=2&ID=36064 |
| Tags: |
Adicionar Tag
Sem tags, seja o primeiro a adicionar uma tag!
|
| Thư viện lưu trữ: | Trung tâm Học liệu Trường Đại học Thủ Dầu Một |
|---|
| LEADER | 00736nam a2200145Ia 4500 | ||
|---|---|---|---|
| 001 | TDMU_36064 | ||
| 008 | 210410s9999 xx 000 0 und d | ||
| 082 | |a 373.83 068 | ||
| 100 | |a Triều, Văn Bình | ||
| 245 | 0 | |a Thực hiện tốt chính sách dân tộc ở vùng đồng bào Chăm là cơ sở để Bình Thuận phát triển bền vững | |
| 245 | 0 | |c Triều Văn Bình | |
| 300 | |a Tr.20-22 | ||
| 650 | |a Chính trị - Xã hội; Chính sách dân tộc; Đồng bào Chăm; Bình Thuận; Phát triển bền vững | ||
| 856 | |u http://lrc.tdmu.edu.vn/opac/search/detail.asp?aID=2&ID=36064 | ||
| 980 | |a Trung tâm Học liệu Trường Đại học Thủ Dầu Một | ||